Türkiye'de tarım ve gıda: gelişmeler, politikalar ve öneriler (Record no. 9717)

MARC details
000 -BAŞLIK
Sabit Uzunlukta Kontrol Alanı 00900na a2200253 4500
001 - KONTROL NUMARASI
Denetim Alanı 23951
003 - KONTROL NUMARASI IDENTIFIER
Denetim Alanı MIRAKIL
005 - SON İŞLEM TARİHİ VE ZAMANI
Denetim Alanı 20181213155254.0
008 - SABİT-BOY VERİ ELEMANLARI - GENEL BİLGİLER
Sabit Uzunlukta Kontrol Alanı 180129b tu 000 0
020 ## - ULUSLARARASI STANDART KİTAP NUMARASI
Uluslararası Standart Kitap Numarası 9789944405324
040 ## - KATALOGLAMA KAYNAK
Orijinal Kataloglama Ajansı Milas
Kataloglama Dili tur
Metne Dönüştürmek Ajansı TR-AnCHP
041 ## - DİL KODU
Metin / Ses Parça Veya Ayrı Başlığın Dil Kodu tur
082 ## - DEWEY ONLU SINIFLANDIRMA NUMARASI
Sınıflandırma Numarası 338.109561
Ürün Numarası T96 2008
090 ## - SINIFLAMA NUMARASI
Sınıflama Numarası 338.109561 T96 2008
245 ## - BAŞLIK TABLOSU
Başlık Türkiye'de tarım ve gıda: gelişmeler, politikalar ve öneriler
Sorumluluk Tablosu, Vb Türk Sanayicileri ve İşadamları Derneği (TÜSİAD)
260 ## - YAYIN, DAĞITIM, VB
Yayın, Dağıtım, Vb Yeri İstanbul
Yayıncı, Dağıtıcı, Vs Adı Türk Sanayicileri ve İşadamları Derneği (TÜSİAD)
Yayın, Dağıtım, Vb Tarihi 2008
Üretici Firma Eris reklam ve matbaacılık
300 ## - FİZİKSEL TANIM
Kapsam 176 s.
Diğer Fiziksel Ayrıntıları tbl. , grf.
Boyutlar 27 sm.
440 ## - SERİSİ TABLOSU / KATMA GİRİŞİ - BAŞLIK
Başlık TÜSİAD
Hacim / Ardışık Tanımı yayın no : T/2008-05/459
504 ## - KAYNAKÇA VB NOT
Kaynakça Vb Notu Kaynakça var.
650 ## - KONU KATMA GİRİŞ - TOPİKAL DÖNEM
Topikal Süreli Veya Coğrafi Ad Giriş Elemanı Gıda
Genel Alt Bölümü Politikalar
Coğrafi Alt Bölümü Türkiye
650 ## - KONU KATMA GİRİŞ - TOPİKAL DÖNEM
Topikal Süreli Veya Coğrafi Ad Giriş Elemanı Tarım politikaları
Genel Alt Bölümü Türkiye
710 ## - KATMA GİRİŞ - KURUMSAL ADI
Giriş Elemanı Olarak Kurumsal Ad Veya Yargı Alanı Adı Türk Sanayicileri ve İşadamları Derneği
942 ## - EKLENDİ GİRİŞ ELEMANLARI (KOHA)
Sınıflandırma Veya Raf Düzeni Kaynak
Koha Öğesi Türü Books
999 ## - SİSTEM KONTROL NUMARALARI (KOHA)
Koha Biblionumber 9717
Koha Biblioitemnumber 9717
Holdings
Kalıcı Konum Mevcut Konum Edinme Tarihi Edinim Kaynak Toplam Check-Out'Lar Tam Çağrı Numarası Barkod Tarih Son Görülme İtibaren Geçerli Fiyatlar Koha Öğesi Türü
CHP Kütüphanesi CHP Kütüphanesi 01/29/2018 Bağış   338.109561 T96 2008 017944 01/29/2018 01/29/2018 Books